000
00193 a2200097 4500
020
_a
9780399556746
041
_a
eng
100
_a
Miranda, Megan
245
_a
Fragments of the lost
942
_c
BK
999
_c
31355
_d
31353